| 000 | 00698cab a2200229 4500 | ||
|---|---|---|---|
| 001 | ABS60201 | ||
| 008 | 090401t1999 xxu||||| |||| 00| 0 eng d | ||
| 035 | _a(Sirsi) u91386 | ||
| 041 | _aeng | ||
| 100 | _aMcMullen, J. | ||
| 245 | _aBusiness acquisitions and employment rights | ||
| 260 | _c1999 | ||
| 350 | _a0 | ||
| 490 |
_aSolicitors` Journal _v143(6) 12 February 1999, 128-129(2) |
||
| 520 | _aDiscusses the need for a change of employer for the TUPE regulations to apply on the acquisition of a business. (Taken from Journal abstract.) | ||
| 650 | _aBUSINESS ACQUISITIONS | ||
| 650 | _aEMPLOYMENT RIGHTS | ||
| 650 | _aTUPE | ||
| 690 | _aLAW | ||
| 942 | _n0 | ||
| 948 | _c17/02/1999 | ||
| 999 |
_c58008 _d58008 |
||